000 00650nam a2200229Ia 4500
003 OSt
005 20220923230203.0
006 a|||||r|||| 00| 0
007 ta
008 Pun
024 _a278,172
037 _cTextual
040 _aARTS
_cARTS
_bPun
041 _2Pun
_aPun
082 _aO153,1:g(Y:351), M6
100 _aਖੀਵਾ, ਲਾਭ ਸਿੰਘ
245 0 _aਮਲਵਈ ਗਾਉਣ
_b ਅਧਿਐਨ ਤੇ ਸੰਪਾਦਨ
260 _c1986
650 _aਪੰਜਾਬੀ ਸਾਹਿਤ
942 _hO153,1:g(Y:351), M6
_cTEXL
_2CC
999 _c383129
_d383129